Kemasukan buruh asing

Bibliographic Details
Main Author: Fatimah Azzahra
Format: Book
Published: Kuala Lumpur : Goodmark Enterprise , 1995
Series:Siri sosial dan ekonomi
Subjects:

MARC

LEADER 00000cam a2200000 7i4500
001 0000008890
005 20011110.0
020 |a 9830570703 
090 0 0 |a 335   |b FAT 
100 0 |a Fatimah Azzahra 
245 1 0 |a Kemasukan buruh asing   |c Fatimah Azzahra 
260 |a Kuala Lumpur :   |b Goodmark Enterprise ,   |c 1995 
300 |a 43 p. ;   |c 21 cm. 
490 0 |a Siri sosial dan ekonomi 
650 0 0 |a Economics   |x Juvenile literature 
999 |a 052702   |b BUKU   |c JUNIOR BOOKS   |e PERPUSTAKAAN KOMUNITI PETALING JAYA 
999 |a 052703   |b BUKU   |c JUNIOR BOOKS   |e PERPUSTAKAAN KOMUNITI PETALING JAYA 
999 |a 052704   |b BUKU   |c PINJAMAN   |e PERPUSTAKAAN KOMUNITI PETALING JAYA